|
|
|
|
| LEADER |
00000nam0a2200000 4500 |
| 001 |
378647 |
| 005 |
20231101054712.0 |
| 035 |
|
|
|a (RuTPU)RU\TPU\retro\36104
|
| 035 |
|
|
|a RU\TPU\book\150558
|
| 090 |
|
|
|a 378647
|
| 100 |
|
|
|a 20230607d1972 km y0rusy50 ca
|
| 101 |
0 |
|
|a rus
|
| 102 |
|
|
|a RU
|
| 105 |
|
|
|a a z 001zy
|
| 200 |
1 |
|
|a Многоканальные счетные системы и коррелометры
|f С. С. Курочкин
|
| 210 |
|
|
|a Москва
|c Энергия
|d 1972
|
| 215 |
|
|
|a 344 с.
|c ил.
|
| 320 |
|
|
|a Библиогр.: с. 331-341.
|
| 610 |
1 |
|
|a вычислительные системы
|
| 610 |
1 |
|
|a корреляторы
|
| 610 |
1 |
|
|a многоканальная цифровая аппаратура
|
| 610 |
1 |
|
|a случайные процессы
|
| 610 |
1 |
|
|a алгоритмы
|
| 610 |
1 |
|
|a статистический анализ
|
| 610 |
1 |
|
|a погрешности
|
| 675 |
|
|
|a 621.374.3
|v 3
|
| 675 |
|
|
|a 62-503
|v 3
|
| 700 |
|
1 |
|a Курочкин
|b С. С.
|g Сергей Степанович
|
| 801 |
|
1 |
|a RU
|b 63413507
|c 20080531
|g PSBO
|
| 801 |
|
2 |
|a RU
|b 63413507
|c 20230608
|g PSBO
|
| 942 |
|
|
|c BK
|